Culture Générale - Clic Quiz - La réponse est un jour, mois ou saison - Statistiques

Statistiques générales
  • Ce quiz a été pris 198 fois
  • Le résultat moyen est 11 sur 23
Statistiques - réponses
Hint Réponse % Correct
Prénom de la chanteuse canadienne nommé Lavigne ayant vendu plus de 40 millions d'albums à travers le monde et 50 millions de singles Avril
87%
Barre de chocolat composée de chocolat-malt enrobé avec du caramel recouvert de chocolat au lait Mars
86%
Ensemble de contestations populaires, d'ampleur et d'intensité très variable, qui se sont produits dans de nombreux pays du monde arabe entre 2010 et 2012 : _________ Arabe Printemps
84%
Compléte le nom de la période durant laquelle se déroulent, en France, des grandes manifestations ainsi qu'une grève générale et sauvage : _________ 68 Mai
82%
En France, le signal national d'alerte y est généralement testé régulierement à midi et à 12 h 10 dans la plupart des communes sauf exception (actu, jour férié) Mercredi
82%
Compléte le nom de l'album d'Amadou et Mariam, disque de platine en 2004 : _________ à Bamako Dimanche
69%
Enero en espagnol Janvier
62%
Compléte le nom du film de Jean Becker, succès au box office 1983, avec Isabelle Adjani : " .. _________ meurtrier" Été
60%
Baisse de la température provoquée par des cendres volcaniques : __________ volcanique Hiver
58%
Compléte le nom du Roman d'espionnage, techno-thriller, de l'écrivain américain Tom Clancy paru en 1984 : "À la poursuite .. _________ rouge" Octobre
56%
Compléte le nom de l'émission de TV française diffusée sur France 3 présentée par Jean-Luc Lemoine : _________ d'en rire Samedi
53%
Compléte la Période de l'Histoire de France, de 1830 à 1848, entre la Restauration et la Deuxième République : " Monarchie .. __________" Juillet
52%
Dans la bande dessinée qui porte son nom, le chat Garfield le déteste parce qu'il lui arrive des malheurs à ce moment là Lundi
49%
Noir en 1929, il marque le début de la Grande Dépression aux États-Unis d'Amérique. C'est une crise économique qui s'étendra progressivement au reste du monde Jeudi
48%
Prénom de la judoka française nommé Pavia, 3e au JO 2012, championne du monde par équipe Automne
41%
Nom de scène du chanteur et acteur français Jean-Thomas Couture, né en 1959 : Tom _________ Novembre
40%
Aux USA, il est qualifié de "Super" l'année d'une élection présidentielle. Le plus grand nombre d'États des États-Unis y votent simultanément pour choisir les candidats à l'élection présidentielle Mardi
24%
Chaque année, ________ commence le même jour de la semaine que décembre Septembre
19%
Nom de scène de Charline Mignot, chanteuse d'électropop suisse, née en 1995 : _________ sur Mer Vendredi
18%
En France, Fut partagé entre Frimaire et Nivôse Décembre
16%
Compléte le nom d'une commune française située dans le département de l'Indre de 816 habitants en 2021 : Saint-_________ Août
12%
Compléte le nom de la Libellule de la famille des Aeshnidae : L'anax .. __________ Juin
12%
Première étape de la Révolution russe de 1917 : Révolution .. _________ Février
10%
Aucun quiz correspondant
Distribution des résultats
% des personnes avec chaque résultat
Percentile par nombre de réponses
Votre historique - résultats
Vous n’avez pas pris ce quiz